00588nam a2200157 a 450000500170000000800410001702000180005805000250007610000260010124501110012725000390023826000610027730000220033865000340036065000360039420140412111306.0010420s19uu xx 00 eng d a971-508-018-9 aFil 398.2bR524 1995 aRivera, Jr., Augie D. aAlamat ng ampalaya :bthe legend of ampalaya /cby Augie D. Rivera, Jr. ; illustrations by kora D. Albano. aAklat Adarna International Edition aManila, Philippines :bAdarna Book Services, Inc,c1995. a1v. (unp.) ; ill. aVegetable stories-Philippines aVegetables legends, Philippines